[Event "6. Open C.A. Ciudad los Angeles 2012"]
[Site "Madrid ESP"]
[Date "2012.04.15"]
[Round "1.1"]
[White "Garcia Prados, David"]
[Black "Sorribes Calle, Pablo"]
[Result "0-1"]
[WhiteElo "2070"]
[BlackElo "1660"]
[PlyCount "98"]
[EventDate "2012.04.15"]
[EventType "swiss"]
[EventRounds "9"]
[EventCountry "ESP"]
[Source "lmi"]
[SourceDate "2012.04.15"]

1. e4 c5 2. Nf3 a6 3. Be2 g6 4. O-O Bg7 5. c3 e5 6. d4 cxd4 7. cxd4 exd4 8.
Nxd4 Ne7 9. Re1 O-O 10. Nf3 d5 11. e5 Nbc6 12. Bf4 Qb6 13. Qd2 Bf5 14. Na3 Rac8
15. h3 Be4 16. Rac1 Nf5 17. Ng5 Nxe5 18. g4 Nh4 19. Be3 Qf6 20. f4 Nef3+ 21.
Nxf3 Rxc1 22. Qxc1 Bxf3 23. Bf1 Qxb2 24. Qxb2 Bxb2 25. Nb1 Be4 26. Kf2 Nf3 27.
Re2 Bd4 28. Na3 Rc8 29. Bg2 Bxe3+ 30. Rxe3 Nd2 31. h4 Bxg2 32. Kxg2 Nc4 33. Rc3
b5 34. Nb1 d4 35. Rd3 Re8 36. a4 Re2+ 37. Kf1 Rb2 38. Na3 Nxa3 39. Rxa3 b4 40.
Rd3 Ra2 41. Rxd4 Rxa4 42. Ke2 a5 43. Kd3 Ra1 44. Kc4 Kg7 45. Kb5 b3 46. Rd2 Rg1
47. h5 Rxg4 48. hxg6 hxg6 49. Kxa5 Rxf4 0-1

[Event "6. Open C.A. Ciudad los Angeles 2012"]
[Site "Madrid ESP"]
[Date "2012.04.15"]
[Round "1.2"]
[White "Rodriguez Lopez-cañizares, Francisco"]
[Black "Cano Cabanillas, Javier"]
[Result "0-1"]
[WhiteElo "1644"]
[BlackElo "2016"]
[PlyCount "52"]
[EventDate "2012.04.15"]
[EventType "swiss"]
[EventRounds "9"]
[EventCountry "ESP"]
[Source "lmi"]
[SourceDate "2012.04.15"]

1. e4 e6 2. d4 d5 3. Nc3 Nf6 4. Bg5 Bb4 5. e5 h6 6. exf6 hxg5 7. fxg7 Rg8 8.
Qh5 Qf6 9. Nf3 Qxg7 10. Bd3 Nc6 11. Qh7 Qxh7 12. Bxh7 Rg7 13. Bd3 g4 14. Nd2
Nxd4 15. Nb5 Nxb5 16. Bxb5+ Bd7 17. Bxd7+ Kxd7 18. O-O-O Rh8 19. h4 g3 20. f3
Be7 21. h5 Rg5 22. Ne4 Rgxh5 23. Nxg3 Rxh1 24. Rxh1 Rg8 25. Rh3 Bd6 26. f4
Bxf4+ 0-1

[Event "6. Open C.A. Ciudad los Angeles 2012"]
[Site "Madrid ESP"]
[Date "2012.04.15"]
[Round "1.3"]
[White "Ruiz Sanchez, Roberto"]
[Black "Melcon Diez, Enrique"]
[Result "1-0"]
[WhiteElo "1997"]
[BlackElo "1628"]
[PlyCount "65"]
[EventDate "2012.04.15"]
[EventType "swiss"]
[EventRounds "9"]
[EventCountry "ESP"]
[Source "lmi"]
[SourceDate "2012.04.15"]

1. e4 c5 2. Nf3 g6 3. d4 cxd4 4. Nxd4 Bg7 5. c4 b6 6. Nc3 Bb7 7. Be2 Nf6 8. f3
O-O 9. O-O Nc6 10. Be3 Rc8 11. Qd2 Nh5 12. Rad1 Nf4 13. Nxc6 Nxe2+ 14. Qxe2
Rxc6 15. Bd4 Re8 16. Kh1 Qc8 17. Bxg7 Kxg7 18. b3 e6 19. e5 Rd8 20. Nb5 d5 21.
Nxa7 Qa8 22. Nxc6 Bxc6 23. a4 Rc8 24. Rc1 Bb7 25. Qe3 Ba6 26. Rfd1 dxc4 27.
bxc4 Bxc4 28. Qf4 Qxa4 29. Rd4 b5 30. Rd7 Rf8 31. h4 Bd5 32. Qf6+ Kg8 33. Rcc7
1-0

[Event "6. Open C.A. Ciudad los Angeles 2012"]
[Site "Madrid ESP"]
[Date "2012.04.15"]
[Round "1.4"]
[White "Soto Martin, Pablo"]
[Black "Martin Vazquez, Jose Luis"]
[Result "1-0"]
[WhiteElo "1619"]
[BlackElo "1940"]
[PlyCount "87"]
[EventDate "2012.04.15"]
[EventType "swiss"]
[EventRounds "9"]
[EventCountry "ESP"]
[Source "lmi"]
[SourceDate "2012.04.15"]

1. e4 c5 2. Nf3 Nc6 3. Bb5 e6 4. Bxc6 bxc6 5. O-O d6 6. e5 d5 7. Nc3 c4 8. d3
cxd3 9. Qxd3 a5 10. Re1 Ne7 11. Bg5 Qb6 12. Be3 Qb8 13. Bc5 Ba6 14. Qd2 Ng6 15.
Bxf8 Nxf8 16. b3 Nd7 17. Qg5 O-O 18. Rad1 c5 19. Ne2 Bxe2 20. Rxe2 a4 21. Red2
axb3 22. axb3 Rc8 23. Qh5 Rc7 24. Rd3 g6 25. Qg5 Rca7 26. g3 Qd8 27. Qxd8+ Rxd8
28. c4 Nb6 29. cxd5 Nxd5 30. Rc1 Ra5 31. Nd2 Rb8 32. Ne4 Nb4 33. Rd7 Nd5 34.
Nd6 Rxb3 35. Rxf7 Rba3 36. Rb7 Ra1 37. Rbb1 Rxb1 38. Rxb1 Nb4 39. Kf1 Ra2 40.
Ne4 Nd3 41. Rb8+ Kf7 42. Rc8 Nxe5 43. Rxc5 h6 44. Rxe5 1-0

[Event "6. Open C.A. Ciudad los Angeles 2012"]
[Site "Madrid ESP"]
[Date "2012.04.15"]
[Round "1.5"]
[White "Rodriguez Dorado, Victor"]
[Black "Juarez De Vena, Antonio"]
[Result "0-1"]
[WhiteElo "1940"]
[BlackElo "1618"]
[PlyCount "96"]
[EventDate "2012.04.15"]
[EventType "swiss"]
[EventRounds "9"]
[EventCountry "ESP"]
[Source "lmi"]
[SourceDate "2012.04.15"]

1. e4 e6 2. d4 d5 3. exd5 exd5 4. Bd3 Nf6 5. Nf3 Be7 6. O-O O-O 7. Ne5 c5 8.
Be3 cxd4 9. Bxd4 Nc6 10. Nxc6 bxc6 11. c4 c5 12. Be5 d4 13. Qf3 Ba6 14. Qh3 g6
15. Nd2 Bc8 16. Qf3 Bg4 17. Qf4 Be6 18. h3 Rc8 19. Nf3 Nd7 20. Rae1 Re8 21. Qh6
Nxe5 22. Rxe5 Bf8 23. Qf4 Bd6 24. Rfe1 f6 25. Bxg6 hxg6 26. Qh6 Bf7 27. Rxe8+
Bxe8 28. Re4 Bf8 29. Qh4 Bg7 30. Rg4 Bf7 31. Qg3 Qc7 32. Rf4 Bh6 33. Rxf6 Qxg3
34. fxg3 Kg7 35. Ra6 Rc7 36. b3 Rd7 37. Ne5 Re7 38. Nd3 Re3 39. Nxc5 d3 40.
Nxd3 Rxd3 41. Ra5 Rxg3 42. c5 Be3+ 43. Kh2 Rg5 44. b4 Bd5 45. g3 Rf5 46. Rxa7+
Kh6 47. Rd7 Rf2+ 48. Kg1 Rf7+ 0-1

[Event "6. Open C.A. Ciudad los Angeles 2012"]
[Site "Madrid ESP"]
[Date "2012.04.15"]
[Round "1.6"]
[White "Pindado Del Carmen, Eliseo"]
[Black "Rodriguez Vignote, Javier"]
[Result "0-1"]
[WhiteElo "1618"]
[BlackElo "1923"]
[PlyCount "62"]
[EventDate "2012.04.15"]
[EventType "swiss"]
[EventRounds "9"]
[EventCountry "ESP"]
[Source "lmi"]
[SourceDate "2012.04.15"]

1. e4 c5 2. Nf3 Nc6 3. d4 cxd4 4. Nxd4 g6 5. Be3 Bg7 6. Be2 Nf6 7. Nc3 O-O 8.
f3 d5 9. Nxc6 bxc6 10. exd5 cxd5 11. Bd4 Bb7 12. Qd2 a6 13. Na4 e5 14. Bb6 Qd7
15. Qb4 d4 16. Bc5 Nd5 17. Qa3 Rfc8 18. O-O-O Rc6 19. Rd3 Qc7 20. Qb3 Nf4 21.
Rd2 Bh6 22. Kb1 Nxg2 23. Rd3 Nf4 24. Rd2 Ne6 25. Rdd1 Nxc5 26. Nxc5 Rxc5 27.
Rhf1 Rc8 28. Bd3 Bd5 29. Qa4 Ra5 30. Qxa5 Qxa5 31. b3 Qa3 0-1

[Event "6. Open C.A. Ciudad los Angeles 2012"]
[Site "Madrid ESP"]
[Date "2012.04.15"]
[Round "1.7"]
[White "Garcia De Quesada, Ignacio"]
[Black "Martin Garcia, Francisco Javier"]
[Result "1-0"]
[WhiteElo "1910"]
[BlackElo "1614"]
[PlyCount "63"]
[EventDate "2012.04.15"]
[EventType "swiss"]
[EventRounds "9"]
[EventCountry "ESP"]
[Source "lmi"]
[SourceDate "2012.04.15"]

1. d4 Nf6 2. c4 c5 3. d5 b5 4. cxb5 a6 5. b6 d6 6. Nc3 Nbd7 7. b7 Bxb7 8. e4 g6
9. Nf3 Bg7 10. h3 Nb6 11. Qc2 O-O 12. Be2 Nfd7 13. Bf4 Rc8 14. Rd1 Qc7 15. O-O
Qb8 16. Bg5 Rfe8 17. h4 h6 18. Bf4 Rf8 19. Qd2 Kh7 20. Bd3 c4 21. Bb1 h5 22.
Bg5 Rfe8 23. Be3 Ba8 24. Bd4 Nf6 25. Qe2 Nbd7 26. g3 Kg8 27. e5 Nxd5 28. e6
Nxc3 29. exf7+ Kxf7 30. Ng5+ Kg8 31. Qe6+ Kh8 32. Bxg7+ 1-0

[Event "6. Open C.A. Ciudad los Angeles 2012"]
[Site "Madrid ESP"]
[Date "2012.04.15"]
[Round "1.8"]
[White "Martinez Pastor, Francisco"]
[Black "Sancho Diaz, Santiago"]
[Result "0-1"]
[WhiteElo "1612"]
[BlackElo "1896"]
[PlyCount "102"]
[EventDate "2012.04.15"]
[EventType "swiss"]
[EventRounds "9"]
[EventCountry "ESP"]
[Source "lmi"]
[SourceDate "2012.04.15"]

1. b4 d5 2. Bb2 Nf6 3. Nf3 a6 4. g3 Nc6 5. c3 g6 6. d3 Bg7 7. Bg2 O-O 8. Nbd2
e5 9. O-O Bg4 10. Qc2 Qd7 11. a4 Rad8 12. b5 Na7 13. Nxe5 Qe6 14. Nxg4 Qxg4 15.
e3 axb5 16. axb5 Nxb5 17. Qb3 c6 18. Nf3 Nd7 19. d4 Ra8 20. Nd2 Qe6 21. Rxa8
Rxa8 22. Ra1 Rxa1+ 23. Bxa1 Nb6 24. Bf1 Qd7 25. c4 dxc4 26. Nxc4 Nd5 27. Nd2
Nd6 28. e4 Nc7 29. e5 Ndb5 30. Nf3 h6 31. Bd3 g5 32. Qb2 Qd5 33. Nd2 Ne6 34.
Bxb5 cxb5 35. Qb3 Qd7 36. Qc3 Qc6 37. Qxc6 bxc6 38. Bc3 f6 39. exf6 Bxf6 40.
Nb3 c5 41. Nxc5 Nxc5 42. dxc5 Bxc3 43. Kf1 Kf7 44. Ke2 Ke6 45. Kd3 Be1 46. f4
gxf4 47. gxf4 Kd5 48. Ke2 Bh4 49. c6 Kxc6 50. Kd3 Kd5 51. h3 Be7 0-1

[Event "6. Open C.A. Ciudad los Angeles 2012"]
[Site "Madrid ESP"]
[Date "2012.04.15"]
[Round "1.9"]
[White "Tirado Parra, Alberto"]
[Black "De Pablo Pena, Miguel Angel"]
[Result "0-1"]
[WhiteElo "1880"]
[BlackElo "1608"]
[PlyCount "95"]
[EventDate "2012.04.15"]
[EventType "swiss"]
[EventRounds "9"]
[EventCountry "ESP"]
[Source "lmi"]
[SourceDate "2012.04.15"]

1. b4 d5 2. Bb2 Nf6 3. Nf3 a6 4. e3 Nc6 5. b5 axb5 6. Bxb5 Bd7 7. O-O e6 8. a4
Be7 9. c4 O-O 10. Nc3 Na5 11. cxd5 exd5 12. Ne5 c6 13. Nxd7 Qxd7 14. Be2 Rfe8
15. d3 Bd6 16. Nb1 Qe6 17. Nd2 c5 18. Qc2 d4 19. e4 Rac8 20. Rfc1 Rc6 21. Nc4
Nxc4 22. Qxc4 Qe5 23. g3 Qe7 24. Bf1 Ng4 25. Qb5 h5 26. Bg2 Rcc8 27. Rc2 Rb8
28. a5 h4 29. Ba3 hxg3 30. hxg3 Qf6 31. Raa2 Qh6 32. Bxc5 Re5 33. Qd7 Bxc5 34.
Qxg4 Bb4 35. Rc8+ Rxc8 36. Qxc8+ Kh7 37. a6 bxa6 38. Rxa6 Qd2 39. Qh3+ Kg8 40.
Ra8+ Bf8 41. Qc8 Qe1+ 42. Bf1 Qb4 43. Rb8 Qe7 44. Rb7 Qe8 45. Rb8 Qe7 46. Qd8
Qc5 47. Rc8 Qa3 48. Rc4 0-1

[Event "6. Open C.A. Ciudad los Angeles 2012"]
[Site "Madrid ESP"]
[Date "2012.04.15"]
[Round "1.11"]
[White "Largo Barbero, Benito"]
[Black "Gines Martinez, Andres"]
[Result "1-0"]
[WhiteElo "1845"]
[BlackElo "1581"]
[PlyCount "101"]
[EventDate "2012.04.15"]
[EventType "swiss"]
[EventRounds "9"]
[EventCountry "ESP"]
[Source "lmi"]
[SourceDate "2012.04.15"]

1. e4 e6 2. d4 d5 3. Nc3 Bb4 4. e5 c5 5. a3 Bxc3+ 6. bxc3 Nd7 7. Qg4 g6 8. Nf3
h6 9. Be2 c4 10. a4 a5 11. Ba3 Ne7 12. Kd2 Rb8 13. Bd6 Ra8 14. Qh3 Nf5 15. Ba3
Rb8 16. g4 Ne7 17. Bd6 Ra8 18. Nh4 Nf8 19. f4 Bd7 20. Rhf1 Nc8 21. Ba3 Bxa4 22.
f5 Qg5+ 23. Kd1 Rb8 24. Bc1 Qe7 25. Rxa4 b6 26. fxg6 fxg6 27. Rf6 g5 28. Nf3
Nd6 29. Bxg5 hxg5 30. Qxh8 Ne4 31. Rxf8+ Qxf8 32. Qxf8+ Kxf8 33. Ra3 a4 34. Nd2
Nxd2 35. Kxd2 Ra8 36. Ke3 Kg7 37. Ra1 a3 38. Kd2 a2 39. Kc1 Ra5 40. Kb2 Ra7 41.
Rf1 a1=Q+ 42. Rxa1 Rxa1 43. Kxa1 Kf7 44. Ka2 Kg7 45. Ka3 Kf7 46. Kb4 Ke7 47.
Kb5 Kd7 48. Kxb6 Ke7 49. Kc6 Ke8 50. Kd6 Kf7 51. Kd7 1-0

[Event "6. Open C.A. Ciudad los Angeles 2012"]
[Site "Madrid ESP"]
[Date "2012.04.15"]
[Round "1.12"]
[White "Gines Sanchez, Javier"]
[Black "Rios Rebollo, Victor"]
[Result "0-1"]
[WhiteElo "1575"]
[BlackElo "1842"]
[PlyCount "46"]
[EventDate "2012.04.15"]
[EventType "swiss"]
[EventRounds "9"]
[EventCountry "ESP"]
[Source "lmi"]
[SourceDate "2012.04.15"]

1. e4 e6 2. Nc3 d5 3. exd5 exd5 4. d4 c6 5. Nf3 Bd6 6. h3 Bf5 7. Bd3 Bg6 8.
Bxg6 hxg6 9. Qd3 Nf6 10. Bg5 Nbd7 11. O-O-O O-O 12. Rde1 Qc7 13. Bxf6 Nxf6 14.
Ne5 b5 15. Ng4 Nh5 16. g3 a5 17. Ne5 a4 18. Nxb5 cxb5 19. Qxb5 Rac8 20. Re2 Nf6
21. g4 a3 22. b3 Qc3 23. Rhe1 Bb4 0-1

[Event "6. Open C.A. Ciudad los Angeles 2012"]
[Site "Madrid ESP"]
[Date "2012.04.15"]
[Round "1.13"]
[White "Ballesteros Jimenez, Miguel A"]
[Black "Ortega Socorro, Alberto"]
[Result "1-0"]
[WhiteElo "1672"]
[BlackElo "1547"]
[PlyCount "77"]
[EventDate "2012.04.15"]
[EventType "swiss"]
[EventRounds "9"]
[EventCountry "ESP"]
[Source "lmi"]
[SourceDate "2012.04.15"]

1. e4 d6 2. d4 g6 3. Nc3 Bg7 4. Be3 Nf6 5. h3 O-O 6. Nf3 c5 7. dxc5 Qa5 8. Bd3
dxc5 9. O-O Rd8 10. Qe2 Nc6 11. Nd2 Be6 12. Nb3 Bxb3 13. axb3 Qb6 14. Na4 Qc7
15. Bxc5 b6 16. Be3 Nb4 17. Rfd1 Nd7 18. Bb5 Qxc2 19. Rac1 Qxe2 20. Bxe2 e6 21.
Rc7 Ne5 22. Rxd8+ Rxd8 23. Rxa7 Ned3 24. Bxb6 Rc8 25. Ba5 Bd4 26. Bb6 Rc1+ 27.
Kh2 Be5+ 28. g3 Nxf2 29. Bxf2 Rc2 30. Nc3 Bxc3 31. bxc3 Rxe2 32. cxb4 Rxf2+ 33.
Kg1 Rf3 34. Ra3 Kf8 35. Kg2 Rc3 36. b5 Ke8 37. b6 Kd7 38. Ra8 Rc8 39. b7 1-0

[Event "6. Open C.A. Ciudad los Angeles 2012"]
[Site "Madrid ESP"]
[Date "2012.04.15"]
[Round "1.13"]
[White "Pindado Campos, Raul"]
[Black "Lianes Garcia, Marcos"]
[Result "0-1"]
[WhiteElo "1824"]
[BlackElo "1568"]
[PlyCount "100"]
[EventDate "2012.04.15"]
[EventType "swiss"]
[EventRounds "9"]
[EventCountry "ESP"]
[Source "lmi"]
[SourceDate "2012.04.15"]

1. d4 d5 2. c4 e6 3. Nc3 Nf6 4. e3 Nbd7 5. Nf3 Bb4 6. Bd2 O-O 7. Qc2 c5 8. a3
Bxc3 9. Bxc3 b6 10. Bd3 Bb7 11. b3 Qc7 12. h4 Rac8 13. Rc1 Qb8 14. Rh3 dxc4 15.
bxc4 cxd4 16. exd4 Rfe8 17. Kd1 h6 18. Rg3 e5 19. dxe5 Bxf3+ 20. Rxf3 Nxe5 21.
Bxe5 Qxe5 22. Qc3 Qh2 23. Kc2 Qxg2 24. Kb1 Qh2 25. Rg3 Kh8 26. Rcg1 Rg8 27. Bf5
Rcd8 28. Qb2 Qxh4 29. Rh3 Qd4 30. Qc1 Qd2 31. Qf1 Rde8 32. Rd3 Qf4 33. Qh3 Qxc4
34. Rc3 Qf4 35. Rc2 Re5 36. Bd3 Rg5 37. Rgc1 Rh5 38. Qg2 Rh2 39. Qf1 Ng4 40.
Rc8 g6 41. Rxg8+ Kxg8 42. Rc8+ Kg7 43. Qe1 Qxf2 44. Qc3+ Nf6 45. Bc2 Rh1+ 46.
Ka2 Qe1 47. Qb2 Qe6+ 48. Bb3 Qxc8 49. Qg2 Qc1 50. Bxf7 Qb1# 0-1

[Event "6. Open C.A. Ciudad los Angeles 2012"]
[Site "Madrid ESP"]
[Date "2012.04.15"]
[Round "1.13"]
[White "Salgado Duarte, Pablo"]
[Black "Garrido Ariza, Javier"]
[Result "0-1"]
[WhiteElo "1534"]
[BlackElo "1807"]
[PlyCount "120"]
[EventDate "2012.04.15"]
[EventType "swiss"]
[EventRounds "9"]
[EventCountry "ESP"]
[Source "lmi"]
[SourceDate "2012.04.15"]

1. d4 Nf6 2. c4 e5 3. d5 Bc5 4. e3 d6 5. Nc3 Bf5 6. Nge2 O-O 7. Ng3 Bg6 8. Be2
Nbd7 9. Bd2 c6 10. O-O cxd5 11. cxd5 a6 12. a3 Rc8 13. Kh1 Re8 14. b4 Ba7 15.
Bf3 e4 16. Bg4 Re5 17. Bh3 Nxd5 18. Rc1 Rc7 19. Qb3 N7f6 20. Nge2 Bf5 21. Bxf5
Rxf5 22. Nf4 Nb6 23. Ne6 Rxc3 24. Rxc3 Qe7 25. Nd4 Rh5 26. Rfc1 d5 27. Qd1 Nc4
28. Ne2 Ng4 29. Kg1 Qh4 30. Ng3 Qxh2+ 31. Kf1 Rg5 32. Nxe4 Ngxe3+ 33. Bxe3
Qxg2+ 34. Ke2 Bxe3 35. Rxe3 Qg4+ 36. f3 Qg2+ 37. Nf2 h5 38. Re8+ Kh7 39. Qd3+
Rg6 40. Qxd5 Nb6 41. Qxh5+ Rh6 42. Qf5+ Qg6 43. Qxg6+ Kxg6 44. Re7 Nd5 45. Rxb7
Nf4+ 46. Ke3 Nd5+ 47. Kd4 Nf4 48. Rc6+ Ne6+ 49. Rxe6+ fxe6 50. Rb6 Kf5 51. Rxa6
e5+ 52. Kc5 Rxa6 53. b5 Rxa3 54. b6 Rxf3 55. Nd1 g5 56. b7 Rb3 57. Kc6 Kf4 58.
Kc7 e4 59. b8=Q Rxb8 60. Kxb8 e3 0-1

[Event "6. Open C.A. Ciudad los Angeles 2012"]
[Site "Madrid ESP"]
[Date "2012.04.15"]
[Round "1.16"]
[White "Maseda Iglesias, Luis"]
[Black "Benitez Robles, Antonio"]
[Result "0-1"]
[WhiteElo "1781"]
[BlackElo "1519"]
[PlyCount "108"]
[EventDate "2012.04.15"]
[EventType "swiss"]
[EventRounds "9"]
[EventCountry "ESP"]
[Source "lmi"]
[SourceDate "2012.04.15"]

1. d4 d5 2. Nf3 Nf6 3. e3 Bg4 4. c4 e6 5. Qb3 Bxf3 6. Qxb7 Nbd7 7. gxf3 Qb8 8.
Qxb8+ Rxb8 9. cxd5 exd5 10. Nc3 c6 11. Bd3 Bd6 12. O-O Nh5 13. b3 O-O 14. Bb2
Rbe8 15. Rac1 Re6 16. Ne2 Nb8 17. Ng3 g6 18. Nxh5 gxh5 19. Kh1 f5 20. Rg1+ Rg6
21. f4 Rff6 22. Rg5 Rxg5 23. fxg5 Rf8 24. h4 Kg7 25. Kg2 f4 26. a3 h6 27. gxh6+
Kxh6 28. e4 f3+ 29. Kh3 Rg8 30. exd5 Rg2 31. Rh1 Rxf2 32. Bc1+ Kg7 33. Be4 cxd5
34. Bxd5 Rg2 35. Be3 Rg3+ 36. Kh2 Rg4+ 37. Kh3 Rg3+ 38. Kh2 Rg5+ 39. Kh3 Rxd5
40. Rg1+ Kf7 41. Rc1 Nd7 42. a4 Nf6 43. Rf1 Rf5 44. a5 Ng4 45. Bg5 Nf6 46. Be3
Nd5 47. Bf2 Nf4+ 48. Kh2 Ne2+ 49. Kh3 Nf4+ 50. Kh2 Ne2+ 51. Kh3 Ke7 52. Ra1 Rf4
53. Be3 Rg4 54. Bf2 Rg2 0-1

[Event "6. Open C.A. Ciudad los Angeles 2012"]
[Site "Madrid ESP"]
[Date "2012.04.15"]
[Round "1.17"]
[White "Martin Rodriguez, Jose Luis"]
[Black "Murciano Cespedosa, Antonio"]
[Result "0-1"]
[WhiteElo "1475"]
[BlackElo "1771"]
[PlyCount "126"]
[EventDate "2012.04.15"]
[EventType "swiss"]
[EventRounds "9"]
[EventCountry "ESP"]
[Source "lmi"]
[SourceDate "2012.04.15"]

1. e4 c5 2. Nf3 Nc6 3. d4 cxd4 4. Nxd4 g6 5. Nc3 Bg7 6. Nxc6 bxc6 7. Bc4 Qa5 8.
Bd2 Qc5 9. Bb3 Nf6 10. Qe2 a5 11. Qc4 Qxc4 12. Bxc4 Ng4 13. f3 Ne5 14. Bb3 Ba6
15. O-O-O O-O 16. a3 d6 17. Bg5 Ra7 18. Be3 Rb7 19. Ba2 Nc4 20. Bxc4 Bxc4 21.
Bd4 Bh6+ 22. Kb1 c5 23. Bf2 Bg7 24. Ka1 Rfb8 25. Rb1 Rxb2 26. Rxb2 Bxc3 27.
Rhb1 Bf1 28. Be1 Bxb2+ 29. Rxb2 Rxb2 30. Kxb2 a4 31. g3 Bg2 32. Bc3 Bxf3 33. e5
Bc6 34. exd6 exd6 35. Bf6 Kf8 36. c3 h5 37. Kc2 Ke8 38. Kd3 Kd7 39. Bg5 Ke6 40.
Bf4 d5 41. Be3 Bb5+ 42. Kd2 c4 43. Ke2 Kf5 44. Kf3 Bc6 45. Bd4 Kg5 46. Be3+ Kf5
47. Bd4 g5 48. Kg2 Ke4 49. Kf2 Kd3 50. Kf3 Kc2 51. g4 hxg4+ 52. Kxg4 Bd7+ 53.
Kxg5 Bh3 54. Kf4 Kb3 55. Ke5 Kxa3 56. Kxd5 Kb3 57. Bc5 Kxc3 58. Be7 Kb3 59. Kd4
Bf5 60. h4 Bg6 61. Ba3 Kxa3 62. Kc3 Bh5 63. Kc2 Kb4 0-1

[Event "6. Open C.A. Ciudad los Angeles 2012"]
[Site "Madrid ESP"]
[Date "2012.04.15"]
[Round "1.18"]
[White "Tobar Quinones, Jose Pablo"]
[Black "Soto Martin, Miguel"]
[Result "1-0"]
[WhiteElo "1760"]
[BlackElo "1464"]
[PlyCount "147"]
[EventDate "2012.04.15"]
[EventType "swiss"]
[EventRounds "9"]
[EventCountry "ESP"]
[Source "lmi"]
[SourceDate "2012.04.15"]

1. d4 Nf6 2. Bf4 g6 3. e3 Bg7 4. Nf3 O-O 5. h3 d6 6. Be2 Nbd7 7. Nbd2 c5 8. c3
Qb6 9. Qb3 Nh5 10. Bh2 Nhf6 11. O-O d5 12. Ne5 e6 13. Ndf3 Ne4 14. Nxd7 Bxd7
15. Be5 Nf6 16. Qxb6 axb6 17. Bc7 cxd4 18. cxd4 b5 19. Bd3 Bc6 20. a3 Nd7 21.
Ne5 Nf6 22. Nxc6 bxc6 23. Be5 Nd7 24. Bxg7 Kxg7 25. Rac1 Rfc8 26. Rc2 Ra7 27.
Rfc1 Rac7 28. Bxb5 Nb8 29. Ba4 Kf6 30. Kf1 h6 31. Ke2 g5 32. Rc3 Kg6 33. b4 f6
34. b5 Ra7 35. Bc2+ Kf7 36. a4 Ke7 37. Bb3 Kd6 38. Ra1 Ra5 39. Rac1 Rc7 40. f3
Rc8 41. Rc5 Ra7 42. e4 h5 43. g3 Rac7 44. exd5 exd5 45. Kd3 Nd7 46. Rxc6+ Rxc6
47. Rxc6+ Rxc6 48. bxc6 Kxc6 49. a5 Nb8 50. Ba4+ Kc7 51. Bb5 f5 52. g4 hxg4 53.
hxg4 f4 54. Kc3 Kb7 55. Kb4 Kc7 56. Kc5 Nd7+ 57. Bxd7 Kxd7 58. Kxd5 Kc7 59. Ke6
Kd8 60. a6 Kc7 61. Ke7 Kc6 62. a7 Kb7 63. Kd7 Kxa7 64. Kc7 Ka6 65. d5 Kb5 66.
d6 Kc5 67. d7 Kd4 68. d8=Q+ Ke3 69. Qd5 Kf2 70. Kc6 Kg3 71. Kc5 Kh4 72. Kd4 Kh3
73. Kd3 Kg3 74. Ke2 1-0

[Event "6. Open C.A. Ciudad los Angeles 2012"]
[Site "Madrid ESP"]
[Date "2012.04.15"]
[Round "1.19"]
[White "Pablos Ceruelo, Oscar"]
[Black "Sanchez Romero, Ruben"]
[Result "0-1"]
[WhiteElo "1367"]
[BlackElo "1755"]
[PlyCount "42"]
[EventDate "2012.04.15"]
[EventType "swiss"]
[EventRounds "9"]
[EventCountry "ESP"]
[Source "lmi"]
[SourceDate "2012.04.15"]

1. e4 e5 2. Nf3 d6 3. Nc3 Nd7 4. d4 c6 5. d5 c5 6. Bb5 Be7 7. Be3 a6 8. Bd3 b5
9. b3 Ngf6 10. Qd2 Bb7 11. a3 O-O 12. Nh4 Nxd5 13. exd5 Bxh4 14. Be4 f5 15. g3
fxe4 16. gxh4 Qxh4 17. O-O-O Nf6 18. h3 Qh5 19. Rdg1 Ra7 20. Bh6 Bc8 21. Rg5
Qxh6 0-1

[Event "6. Open C.A. Ciudad los Angeles 2012"]
[Site "Madrid ESP"]
[Date "2012.04.22"]
[Round "2.1"]
[White "Cano Cabanillas, Javier"]
[Black "Tobar Quinones, Jose Pablo"]
[Result "1-0"]
[WhiteElo "2016"]
[BlackElo "1760"]
[PlyCount "125"]
[EventDate "2012.04.15"]
[EventType "swiss"]
[EventRounds "9"]
[EventCountry "ESP"]
[Source "lmi"]
[SourceDate "2012.04.15"]

1. e4 d6 2. d4 Nf6 3. Nc3 e5 4. Nge2 c6 5. a4 a5 6. g3 Be7 7. Bg2 O-O 8. h3 Na6
9. O-O Qc7 10. Be3 Re8 11. g4 Nb4 12. Ng3 Nd7 13. Nf5 Bf8 14. f4 g6 15. Ng3 Bg7
16. Nce2 Nb6 17. c3 Na6 18. Qb3 exf4 19. Bxf4 Be6 20. d5 cxd5 21. exd5 Qc5+ 22.
Kh2 Bxd5 23. Bxd5 Nxd5 24. Rad1 Nxf4 25. Rxf4 Re7 26. Rdf1 Rf8 27. Ne4 Qe5 28.
N2g3 Nc5 29. Nxc5 dxc5 30. Qc4 Qc7 31. Kg2 Qc6+ 32. R4f3 Rd7 33. Qf4 Qd5 34.
Ne4 Be5 35. Qe3 Bg7 36. Nxc5 Qd2+ 37. R1f2 Qxe3 38. Rxe3 Rc7 39. Nb3 b6 40.
Rfe2 Bf6 41. Rd3 Re7 42. Rxe7 Bxe7 43. Rd7 Re8 44. Rb7 Bd8 45. Nd4 Kf8 46. Nc6
Re2+ 47. Kf3 Rd2 48. Nxd8 Rxd8 49. Rxb6 Ke7 50. Ke2 Rd5 51. b4 Re5+ 52. Kd3
axb4 53. cxb4 h5 54. a5 hxg4 55. hxg4 Rd5+ 56. Ke4 Rd8 57. b5 Kd7 58. a6 Kc7
59. Rb7+ Kc8 60. Rxf7 Kb8 61. b6 Re8+ 62. Kf4 Re6 63. Rf8+ 1-0

[Event "6. Open C.A. Ciudad los Angeles 2012"]
[Site "Madrid ESP"]
[Date "2012.04.22"]
[Round "2.2"]
[White "Sanchez Romero, Ruben"]
[Black "Ruiz Sanchez, Roberto"]
[Result "0-1"]
[WhiteElo "1755"]
[BlackElo "1997"]
[PlyCount "130"]
[EventDate "2012.04.15"]
[EventType "swiss"]
[EventRounds "9"]
[EventCountry "ESP"]
[Source "lmi"]
[SourceDate "2012.04.15"]

1. e4 c6 2. Nc3 d5 3. Qf3 Nf6 4. e5 Nfd7 5. Qg3 e6 6. d4 c5 7. Nb5 cxd4 8. Nd6+
Bxd6 9. exd6 Qf6 10. Bf4 Nc6 11. Nf3 e5 12. Bd2 Qg6 13. Bb5 Qxg3 14. fxg3 O-O
15. O-O f6 16. h3 Nb6 17. b3 Rd8 18. g4 h6 19. Nh4 Rxd6 20. Ng6 Be6 21. a4 Kh7
22. Nh4 Rc8 23. Rf2 Nd7 24. Nf3 Nc5 25. Bc1 Ne4 26. Bd3 Nb4 27. Re2 Nxd3 28.
cxd3 Nc5 29. Ba3 Rdc6 30. Bxc5 Rxc5 31. Nxd4 Bxg4 32. hxg4 exd4 33. Re7 R8c7
34. Rae1 Kg6 35. Kf2 a5 36. Kf3 Rc3 37. Kf4 Rxe7 38. Rxe7 Rxb3 39. Rd7 Rb4 40.
Rxd5 Rxa4 41. Rb5 Ra1 42. Ke4 a4 43. Kxd4 a3 44. Rxb7 a2 45. Rb2 Kg5 46. Kd5
Kxg4 47. d4 h5 48. Rc2 g5 49. Re2 h4 50. Ke6 Rd1 51. Rxa2 Rxd4 52. Kxf6 Rf4+
53. Kg6 Rb4 54. Kf6 Rb5 55. Rc2 Kg3 56. Kg6 g4 57. Kf6 Ra5 58. Rb2 Rc5 59. Ra2
Rd5 60. Rb2 h3 61. gxh3 Kxh3 62. Kg6 g3 63. Rb8 g2 64. Rh8+ Kg3 65. Kf6 g1=Q
0-1

[Event "6. Open C.A. Ciudad los Angeles 2012"]
[Site "Madrid ESP"]
[Date "2012.04.22"]
[Round "2.3"]
[White "Rodriguez Vignote, Javier"]
[Black "Sanchez Rodenas, Antonio"]
[Result "1-0"]
[WhiteElo "1923"]
[BlackElo "1750"]
[PlyCount "81"]
[EventDate "2012.04.15"]
[EventType "swiss"]
[EventRounds "9"]
[EventCountry "ESP"]
[Source "lmi"]
[SourceDate "2012.04.15"]

1. d4 Nf6 2. Nf3 d5 3. c4 c6 4. Nc3 e6 5. e3 Nbd7 6. Qc2 g6 7. b3 Bg7 8. Ba3
Qa5 9. Bd6 c5 10. Nd2 Bf8 11. Bxf8 Kxf8 12. dxc5 Qxc5 13. Na4 Qa5 14. cxd5 Nxd5
15. Qb2 f6 16. Rc1 b5 17. Nc5 Ke7 18. e4 Nf4 19. g3 Nh5 20. Bg2 e5 21. b4 Qb6
22. Ndb3 Ng7 23. O-O Ne6 24. Qc3 Bb7 25. Nxb7 Qxb7 26. Na5 Qb6 27. Nc6+ Kf7 28.
Qb3 Rhc8 29. Qd5 Ndf8 30. Bh3 Rc7 31. Nxe5+ fxe5 32. Bxe6+ Nxe6 33. Qxa8 Nd4
34. Qd5+ Kf6 35. Rc5 Rxc5 36. bxc5 Qc7 37. Kg2 h5 38. f4 Nc6 39. fxe5+ Kg7 40.
e6 Ne7 41. Rf7+ 1-0